V tankové brigádě polit. práce v naší tankové jednotce v SSSR

Bibliographic Details
Main Author: Reiner, Josef, 1918-1990 (Author)
Format: Book
Language:Czech
PhysicalDescription:163 s.
Published: Praha Naše vojsko 1964
Edition:1. vyd.
Subjects:

MARC

LEADER 00000aam a2200000 a 4500
001 vtls001389178
003 SK-MaSNL
005 20260301011620.0
008 240314s1964 xr g 0 000 cze
035 |a SNK000343433 
040 |a SNK  |b slo  |c SNK  |e AACR2 
043 |a e-ur--- 
072 7 |a 355/359  |x Vojenstvo. Obrana krajiny. Ozbrojené sily  |2 konspekt 
080 |a 355.3  |2 2011 
080 |a (47+57)  |2 2011 
080 |a (048.8)  |2 2011 
100 1 |a Reiner, Josef,  |d 1918-1990  |4 aut  |9 295292 
245 1 0 |a V tankové brigádě  |b polit. práce v naší tankové jednotce v SSSR  |c Josef Reiner ; předml. a doslov Jaromír Navrátil 
250 |a 1. vyd. 
260 |a Praha  |b Naše vojsko  |c 1964 
300 |a 163 s. 
650 0 7 |a armáda  |2 SNKPH  |9 1643 
650 0 7 |a Army  |2 SNKPHeng  |9 276225 
651 7 |a Sovietsky zväz  |2 SNKPHgeo  |9 22126 
651 7 |a Soviet Union  |2 SNKPHeng  |9 277091 
655 7 |a štúdie  |2 SNKPH  |9 57033 
655 7 |a Studies  |2 SNKPHeng  |9 265573 
958 |a OND 
999 |c 551421  |d 553351 
952 |a SNK  |b SNK  |y PREZ  |7 0  |p 17A0766152  |o snkSD 25652  |0 0  |1 0  |4 0  |d 2011-11-17  |l 0  |r 2026-02-23 13:10:33  |w 2026-02-23 
952 |t P60, <04>, [BOOK], {604}  |a SNK  |b SNK  |y VYP  |7 0  |p 17A0241049  |o snkSD 25652 D1  |0 0  |1 0  |4 0  |d 2000-05-22  |l 0  |r 2005-01-02 00:00:00  |w 2026-02-23